00875nam a2200169 i 4500001000700000003000900007005001700016008004100033100002100074245009700095260006100192300002100253490006200274500013500336830006000471852017400531154267ES-MaACL20250824074921.0010903s1861 sp |||| | spa d1 aGaspar, Enrique.13aLa escala del matrimonio b: comedia en tres actos y en verso /coriginal de Enrique Gaspar. aMadrid : b[s.n.], c1861 (fImp. de José Rodríguez) a69 p. ; c21 cm.1 aEl teatro: colección de obras dramáticas y líricas aEstrenada con aplauso en el teatro Principal de Valencia el 15 de mayo de 1861, a beneficio de la primera actriz Matilde Duclós.03aEl teatro: colección de obras dramática y líricas aES-MaACLjF-8552(8) z- Enc. pasta española, falto de la enc. originalz- Enc. en un vol. facticio, formando parte de la col. facticia "Teatro español moderno", v. 4